000 00647nam a2200217 4500
003 CO-ViMGA
020 _a9789681815479
040 _aCO-ViMGA
_bspa
_cCO-ViMGA
082 0 4 _a808
_bM17o
100 1 _aMaqueo, Ana María
_95050
245 1 0 _aOrtografía /
_cAna María Maqueo
260 _aMéxico
_bLimusa
_c2014
300 _a298 p.:
_b25.5 cm.
500 _aIncluye tabla de contenido
504 _aIncluye bibliografía, pags. 297-298
650 1 4 _aDivisión silábica
_vDiptongos y triptongos
_95053
650 1 4 _aEspañol
_vEstudio y enseñanza
_95051
650 1 4 _aOrtografía
_95052
650 1 4 _aSignos de puntuación
_95054
942 _cBK
999 _c35889
_d35889